000 00492nam a2200181Ia 4500
001 21404
005 20260306172916.0
008 260306t2020||||xx |||||||||||||| ||spa||
041 _aESP
082 _a344.83
_bP42
100 _aPeña Cabrera Freyre, Alonso
_eAUT
245 0 _aCrimen organizado:
_baspectos generales. Tópicos de la parte general y parte especial
260 _c2020
300 _a334 páginas :
_c25 cm.
650 _aGEN
654 _aCDE
942 _cLIB
_dJUS
_fJUS
_2ddc
_n
999 _c21404
_d21404